00886nam a2200241 a 4500003000900000005001700009007000300026008004100029040002500070082003200095110002800127240001900155245007800174260005300252300002100305650005400326650003400380651005600414651005100470651003900521710005400560740003000614DO-SdBNP20240307073950.0ta110404s2002 dr 000 0 spa d aDO-SdBNPbspacBNPHU 4a342.729302bR426c, 20022222 aRepública Dominicana.10aConstitución10aConstitución de la República Dominicana :bLey electoral Nº. 275/97  aSanto Domingo :bJunta Central Electoral,c2002. a125 p. ;c21 cm. 4aEleccionesxLegislaciónzRepública Dominicana 4aLeyeszRepública Dominicana 4aRepública DominicanaxConstitución (2002{Rpara} 4aRepública DominicanaxDerecho Constitucional 4aRepública DominicanaxLey 275-971 aRepública Dominicana.b Junta Central Electoral12aLey electoral no. 275/97